[Event "zonal 2.5"]
[Site "Santiago de Chile CHI"]
[Date "1995.??.??"]
[Round "1"]
[White "Arancibia Guzman, Eduardo"]
[Black "Izquierdo Saravia, Daniel"]
[Result "0-1"]
[WhiteElo "2320"]
[BlackElo "2320"]
[EventDate "1995.??.??"]
[PlyCount "132"]

1.e4 c5 2.Nf3 e6 3.d4 cxd4 4.Nxd4 Nc6 5.Nb5 d6 6.c4 a6 7.N5c3 Nf6 8.g3 Be7
9.Bg2 O-O 10.O-O Bd7 11.Bf4 Ne5 12.Na3 Rc8 13.Qe2 Qa5 14.Rac1 Qb4 15.Rfd1 
Nxc4 16.Nxc4 Rxc4 17.e5 dxe5 18.Bxe5 Bc6 19.a3 Qb3 20.Bxf6 Bxf6 21.Ne4 
Rxc1 22.Nxf6+ gxf6 23.Rxc1 Bxg2 24.Kxg2 Qd5+ 25.Qf3 Rd8 26.Qxd5 Rxd5 27.
Rc7 Rb5 28.b4 f5 29.Kf3 Kg7 30.Ke3 a5 31.bxa5 Rxa5 32.Rxb7 Rxa3+ 33.Ke2 f4
34.Rb4 fxg3 35.hxg3 h5 36.Rb7 Kg6 37.Re7 h4 38.gxh4 Rh3 39.h5+ Rxh5 40.Kf3
e5 41.Kg3 Rg5+ 42.Kf3 f6 43.Ra7 Kf5 44.Ra5 Rg1 45.Rb5 Ra1 46.Rb3 Kg5 47.
Kg2 Ra4 48.Re3 e4 49.Rb3 Ra2 50.Kg3 Rd2 51.Rb6 f5 52.Rb5 Rd3+ 53.Kg2 Kg4 
54.Rb4 Rd2 55.Ra4 Re2 56.Kf1 Rd2 57.Kg2 Kf4 58.Rb4 Rd1 59.Ra4 Ke5 60.Ra5+ 
Rd5 61.Ra8 f4 62.Ra2 Kd4 63.Ra4+ Kd3 64.Ra3+ Ke2 65.Ra2+ Rd2 66.Ra3 e3 0-1

[Event "zonal 2.5"]
[Site "Santiago de Chile CHI"]
[Date "1995.??.??"]
[Round "1"]
[White "Bauza Ortiz, Alejandro"]
[Black "Peralta, Eduardo"]
[Result "1/2-1/2"]
[WhiteElo "2265"]
[BlackElo "2275"]
[EventDate "1995.??.??"]
[PlyCount "89"]

1.Nf3 Nf6 2.g3 d6 3.d4 g6 4.Bg2 Bg7 5.O-O O-O 6.b3 Nbd7 7.Bb2 e5 8.dxe5 
Ng4 9.c4 dxe5 10.Qc2 f5 11.h3 Nh6 12.Rd1 Nf7 13.e4 Qf6 14.Nc3 c6 15.exf5 
gxf5 16.Nd2 Re8 17.c5 Nf8 18.Ne2 Qh6 19.f4 Ng6 20.Nc4 exf4 21.Bxg7 Qxg7 
22.Nxf4 Nxf4 23.gxf4 Be6 24.Kh2 Qh6 25.Rd4 Rad8 26.Rad1 Rxd4 27.Rxd4 Bxc4 
28.Qxc4 Kf8 29.Qc2 Qf6 30.Rd7 Re7 31.Qd3 Qe6 32.Rd4 Qe3 33.Qxe3 Rxe3 34.
Bf1 Ke7 35.Bd3 Ke6 36.Kg2 b6 37.b4 b5 38.h4 h5 39.Kf2 Rh3 40.Bf1 Ra3 41.
Be2 Rxa2 42.Ke3 a5 43.bxa5 Rxa5 44.Bxh5 b4 45.Rxb4 1/2-1/2

[Event "zonal 2.5"]
[Site "Santiago de Chile CHI"]
[Date "1995.??.??"]
[Round "1"]
[White "Cortes Moyano, Julio"]
[Black "Valerga, Diego"]
[Result "0-1"]
[WhiteElo "2345"]
[BlackElo "2465"]
[EventDate "1995.??.??"]
[PlyCount "198"]

1.e4 c6 2.d4 d5 3.Nd2 dxe4 4.Nxe4 Bf5 5.Ng3 Bg6 6.h4 h6 7.Nf3 Nd7 8.h5 Bh7
9.Bd3 Bxd3 10.Qxd3 e6 11.Bf4 Qa5+ 12.Bd2 Qc7 13.O-O-O O-O-O 14.Ne4 Ngf6 
15.g3 Nxe4 16.Qxe4 Bd6 17.c4 c5 18.d5 Nf6 19.Qc2 exd5 20.cxd5 Rhe8 21.Bc3 
Qd7 22.Bxf6 gxf6 23.Nh4 Qb5 24.Rhe1 Rxe1 25.Rxe1 Qa5 26.Re3 Qxa2 27.Qf5+ 
Kc7 28.f4 Qa1+ 29.Kc2 Qa4+ 30.Kc1 Qd4 31.Qd3 Qxd3 32.Rxd3 c4 33.Rd1 Re8 
34.Nf5 Bf8 35.Kc2 a5 36.Ra1 b6 37.b3 Re2+ 38.Kc3 cxb3 39.Kxb3 Rd2 40.Rc1+ 
Kd8 41.Rc6 Rxd5 42.Rxf6 Ke8 43.g4 Rb5+ 44.Ka2 Rb4 45.Rc6 Kd7 46.Rf6 Ra4+ 
47.Kb3 Rxf4 48.Rxf7+ Ke8 49.Rf6 a4+ 50.Ka2 Rxg4 51.Rxb6 Rg2+ 52.Kb1 a3 53.
Ra6 Rb2+ 54.Ka1 Rh2 55.Ra8+ Kf7 56.Nxh6+ Bxh6 57.Rxa3 Rxh5 58.Kb2 Bg7+ 59.
Kb3 Ke6 60.Ra6+ Kf5 61.Kc4 Ke4 62.Ra2 Bd4 63.Rg2 Rc5+ 64.Kb4 Rc1 65.Rg4+ 
Kd5 66.Rg5+ Be5 67.Kb3 Rc3+ 68.Kb4 Rc2 69.Ka3 Re2 70.Rg8 Bd4 71.Rc8 Rh2 
72.Rc7 Be5 73.Rc8 Bd4 74.Rc7 Bc5+ 75.Kb3 Rh3+ 76.Kc2 Kc4 77.Rd7 Rg3 78.Rd8
Bb6 79.Rc8+ Kd4 80.Rh8 Rg2+ 81.Kb3 Kd3 82.Rh1 Be3 83.Rd1+ Bd2 84.Rh1 Rg7 
85.Rh3+ Be3 86.Rh4 Rg6 87.Rh3 Rb6+ 88.Ka4 Kc4 89.Ka3 Bd4 90.Ka2 Rb2+ 91.
Ka3 Rb1 92.Ka4 Rb7 93.Rh5 Rb2 94.Rh3 Bf2 95.Rf3 Re2 96.Rh3 Re7 97.Rh5 Be1 
98.Ka3 Bc3 99.Ka2 Re1 0-1

[Event "zonal 2.5"]
[Site "Santiago de Chile CHI"]
[Date "1995.??.??"]
[Round "1"]
[White "Godoy Bugueno, David"]
[Black "Valiente, Cristobal"]
[Result "1/2-1/2"]
[WhiteElo "2355"]
[BlackElo "2335"]
[EventDate "1995.??.??"]
[PlyCount "88"]

1.e4 c5 2.Nf3 d6 3.d4 cxd4 4.Nxd4 Nf6 5.Nc3 a6 6.Bg5 e6 7.Qd3 Be7 8.Be2 
Qc7 9.f4 Nbd7 10.O-O-O b5 11.Bf3 Bb7 12.Bxf6 gxf6 13.a3 O-O-O 14.Bh5 Rdf8 
15.Rhe1 Rhg8 16.g3 Nb6 17.f5 e5 18.Nde2 Kb8 19.Nd5 Bxd5 20.exd5 Rg5 21.g4 
Rg7 22.Nc3 Rc8 23.Re4 Nc4 24.Nb1 Qc5 25.Nd2 Nxd2 26.Qxd2 Bd8 27.Rde1 Bb6 
28.R1e3 Rgg8 29.Kb1 Rgf8 30.a4 Kb7 31.Rc3 Ba5 32.Rxc5 Bxd2 33.Rxc8 Kxc8 
34.c3 Kc7 35.axb5 axb5 36.Kc2 Bf4 37.Re2 Kb6 38.Kd3 h6 39.b4 Kb7 40.h3 Kb6
41.Ra2 Bg3 42.Rc2 Bh4 43.Ra2 Bg5 44.Ra5 Bh4 1/2-1/2

[Event "zonal 2.5"]
[Site "Santiago de Chile CHI"]
[Date "1995.??.??"]
[Round "1"]
[White "Navarro, Nelson"]
[Black "Soppe, Guillermo"]
[Result "1/2-1/2"]
[WhiteElo "2270"]
[BlackElo "2445"]
[EventDate "1995.??.??"]
[PlyCount "58"]

1.d4 d5 2.Nf3 Bf5 3.c4 e6 4.Nc3 c6 5.Qb3 Qb6 6.c5 Qc7 7.Bf4 Qc8 8.Nh4 Nf6 
9.e3 Be7 10.Be2 Nbd7 11.Nxf5 exf5 12.Qc2 g6 13.b4 a6 14.Rb1 O-O 15.a4 Bd8 
16.O-O Bc7 17.Bxc7 Qxc7 18.g3 h5 19.h4 Rfe8 20.Bf3 Ng4 21.Ne2 Ndf6 22.Rb3 
Qd7 23.Bg2 Rec8 24.Rfb1 Ne8 25.b5 axb5 26.axb5 Ra7 27.Nf4 Rca8 28.f3 Ngf6 
29.Bf1 Ra2 1/2-1/2

[Event "zonal 2.5"]
[Site "Santiago de Chile CHI"]
[Date "1995.??.??"]
[Round "1"]
[White "Sanchez Almeyra, Jorge"]
[Black "Bianchi, Guillermo"]
[Result "1-0"]
[WhiteElo "2430"]
[BlackElo "2425"]
[EventDate "1995.??.??"]
[PlyCount "53"]

1.e4 e5 2.Nf3 Nc6 3.Bb5 Bc5 4.c3 f5 5.d4 fxe4 6.Bxc6 dxc6 7.Nxe5 Bd6 8.
Qh5+ g6 9.Qe2 Qh4 10.Nd2 Bxe5 11.dxe5 Bf5 12.O-O O-O-O 13.f3 exf3 14.Nxf3 
Qa4 15.Nd4 Ne7 16.Bg5 Rhe8 17.Rf4 Qa5 18.g4 Rxd4 19.Rxd4 Be6 20.Bxe7 Rxe7 
21.Rf1 Re8 22.a3 b6 23.Qe3 Kb7 24.c4 Qa4 25.Qc3 c5 26.Qf3+ Ka6 27.b3 1-0

[Event "zonal 2.5"]
[Site "Santiago de Chile CHI"]
[Date "1995.??.??"]
[Round "2"]
[White "Bianchi, Guillermo"]
[Black "Bauza Ortiz, Alejandro"]
[Result "1-0"]
[WhiteElo "2425"]
[BlackElo "2265"]
[EventDate "1995.??.??"]
[PlyCount "43"]

1.e4 c6 2.d4 d5 3.e5 Bf5 4.Nc3 e6 5.g4 Bg6 6.Nge2 c5 7.h4 cxd4 8.Nxd4 h5 
9.Bb5+ Nd7 10.f4 hxg4 11.f5 Rxh4 12.Rf1 Rh2 13.Bxd7+ Kxd7 14.Qxg4 exf5 15.
Nxf5 Bxf5 16.Qxf5+ Kc6 17.Bg5 Be7 18.Bxe7 Qxe7 19.O-O-O Nh6 20.Qd3 Qc5 21.
Qg3 Rh5 22.Rxd5 1-0

[Event "zonal 2.5"]
[Site "Santiago de Chile CHI"]
[Date "1995.??.??"]
[Round "2"]
[White "Izquierdo Saravia, Daniel"]
[Black "Navarro, Nelson"]
[Result "1/2-1/2"]
[WhiteElo "2320"]
[BlackElo "2270"]
[EventDate "1995.??.??"]
[PlyCount "50"]

1.Nf3 Nf6 2.g3 d5 3.Bg2 c5 4.c4 e6 5.O-O Be7 6.cxd5 exd5 7.d4 O-O 8.b3 Nc6
9.Bb2 Ne4 10.dxc5 Bxc5 11.Nc3 Nxc3 12.Bxc3 d4 13.Bb2 Re8 14.Rc1 Bb6 15.
Rxc6 bxc6 16.Nxd4 Bb7 17.e3 Bxd4 18.Bxd4 Qd6 19.Qg4 f6 20.Rc1 a5 21.Qh4 
Rad8 22.Be4 g6 23.Bf3 Kg7 24.Rc5 Ra8 25.a4 Re6 1/2-1/2

[Event "zonal 2.5"]
[Site "Santiago de Chile CHI"]
[Date "1995.??.??"]
[Round "2"]
[White "Peralta, Eduardo"]
[Black "Godoy Bugueno, David"]
[Result "1/2-1/2"]
[WhiteElo "2275"]
[BlackElo "2355"]
[EventDate "1995.??.??"]
[PlyCount "63"]

1.Nf3 Nf6 2.c4 c6 3.g3 d6 4.d4 Nbd7 5.Bg2 e5 6.O-O Be7 7.Nc3 O-O 8.e4 a6 
9.a4 a5 10.b3 Re8 11.d5 Nc5 12.Re1 Bd7 13.h3 Qc7 14.Ba3 Qb6 15.Rb1 Rec8 
16.Re3 Qa7 17.Ne1 cxd5 18.exd5 Bd8 19.Nd3 Bb6 20.Nxc5 Bxc5 21.Bxc5 Qxc5 
22.Qd2 Qb6 23.Kh2 Be8 24.f4 exf4 25.gxf4 Bd7 26.Ne4 Nxe4 27.Bxe4 Qd8 28.
Rg1 Qf6 29.Reg3 g6 30.f5 Kg7 31.fxg6 hxg6 32.Bxg6 1/2-1/2

[Event "zonal 2.5"]
[Site "Santiago de Chile CHI"]
[Date "1995.??.??"]
[Round "2"]
[White "Quiroga, Facundo"]
[Black "Sanchez Almeyra, Jorge"]
[Result "0-1"]
[WhiteElo "2440"]
[BlackElo "2430"]
[EventDate "1995.??.??"]
[PlyCount "66"]

1.d4 Nf6 2.c4 g6 3.Nc3 d5 4.Nf3 Bg7 5.Qb3 dxc4 6.Qxc4 O-O 7.e4 Bg4 8.Be3 
Nfd7 9.Rd1 Nc6 10.Be2 Nb6 11.Qd3 e6 12.Ng1 Bxe2 13.Ngxe2 Qe7 14.O-O Rad8 
15.b3 Nxd4 16.Bxd4 e5 17.Bxb6 Rxd3 18.Rxd3 axb6 19.Rfd1 Rc8 20.Nd5 Qe6 21.
h3 Bf8 22.Rc1 Bd6 23.Rdc3 Bc5 24.Rf3 Kg7 25.Rd1 c6 26.b4 Be7 27.Nxe7 Qxe7 
28.b5 Rd8 29.Rc1 Rd2 30.bxc6 bxc6 31.Ng3 Qd7 32.a3 Rd1+ 33.Rxd1 Qxd1+ 0-1

[Event "zonal 2.5"]
[Site "Santiago de Chile CHI"]
[Date "1995.??.??"]
[Round "2"]
[White "Soppe, Guillermo"]
[Black "Morovic Fernandez, Ivan"]
[Result "1/2-1/2"]
[WhiteElo "2445"]
[BlackElo "2575"]
[EventDate "1995.??.??"]
[PlyCount "47"]

1.Nf3 Nf6 2.g3 g6 3.b4 Bg7 4.Bb2 O-O 5.Bg2 c6 6.O-O a5 7.a3 d5 8.d3 axb4 
9.axb4 Rxa1 10.Bxa1 Qb6 11.c3 Nbd7 12.Nbd2 e5 13.e4 Re8 14.Qb3 Qc7 15.Bb2 
b5 16.exd5 cxd5 17.c4 Bb7 18.c5 Bh6 19.Bc1 d4 20.Ne4 Bd5 21.Qc2 Bxc1 22.
Rxc1 Nxe4 23.dxe4 Bc6 24.Ra1 1/2-1/2

[Event "zonal 2.5"]
[Site "Santiago de Chile CHI"]
[Date "1995.??.??"]
[Round "2"]
[White "Valerga, Diego"]
[Black "Valiente, Cristobal"]
[Result "1-0"]
[WhiteElo "2465"]
[BlackElo "2335"]
[EventDate "1995.??.??"]
[PlyCount "59"]

1.d4 Nf6 2.c4 e6 3.Nf3 b6 4.a3 Ba6 5.Qc2 c5 6.d5 exd5 7.cxd5 g6 8.Nc3 d6 
9.g3 Bg7 10.Bg2 O-O 11.O-O Nbd7 12.Bf4 Qe7 13.h3 Ne8 14.Rfe1 Ne5 15.Rad1 
Nxf3+ 16.Bxf3 g5 17.Bc1 f5 18.Bg2 f4 19.g4 Be5 20.Ne4 Bc8 21.Nd2 h5 22.
Qg6+ Qg7 23.gxh5 Qxg6 24.hxg6 Kg7 25.Nf3 Bf6 26.e3 fxe3 27.Rxe3 Kxg6 28.
Nxg5 Bg4 29.hxg4 Bxg5 30.Re6+ 1-0

[Event "zonal 2.5"]
[Site "Santiago de Chile CHI"]
[Date "1995.??.??"]
[Round "3"]
[White "Arancibia Guzman, Eduardo"]
[Black "Valerga, Diego"]
[Result "0-1"]
[WhiteElo "2320"]
[BlackElo "2465"]
[EventDate "1995.??.??"]
[PlyCount "92"]

1.e4 c5 2.Nf3 e6 3.c3 Nf6 4.e5 Nd5 5.d4 cxd4 6.cxd4 b6 7.Nc3 Nxc3 8.bxc3 
Qc7 9.Bd2 Bb7 10.Be2 d6 11.O-O Nd7 12.exd6 Bxd6 13.h3 O-O 14.Re1 Bf4 15.c4
Rac8 16.Rc1 Rfd8 17.Bxf4 Qxf4 18.Qa4 a6 19.Rcd1 g6 20.Qb3 Rc7 21.d5 exd5 
22.cxd5 Qd6 23.Ng5 Nc5 24.Qb4 h6 25.Nf3 Re7 26.Bf1 Rxe1 27.Nxe1 Qf6 28.Bc4
Ne4 29.Nf3 b5 30.Bb3 Nc3 31.Rd3 Ne2+ 32.Kh2 Qd6+ 33.Qxd6 Rxd6 34.Re3 Nc1 
35.Re7 Nxb3 36.Rxb7 Nc5 37.Ra7 Rxd5 38.Kg3 Kg7 39.Kf4 Kf6 40.h4 Rd3 41.g4 
Ne6+ 42.Ke4 Ra3 43.g5+ hxg5 44.hxg5+ Kg7 45.Ne5 Nxg5+ 46.Kd5 Ra4 0-1

[Event "zonal 2.5"]
[Site "Santiago de Chile CHI"]
[Date "1995.??.??"]
[Round "3"]
[White "Bauza Ortiz, Alejandro"]
[Black "Quiroga, Facundo"]
[Result "1-0"]
[WhiteElo "2265"]
[BlackElo "2440"]
[EventDate "1995.??.??"]
[PlyCount "75"]

1.Nf3 Nf6 2.g3 d5 3.Bg2 e6 4.O-O Be7 5.d3 O-O 6.Nbd2 d4 7.c3 dxc3 8.bxc3 
c5 9.Nc4 Nc6 10.Rb1 Nd5 11.Qb3 b5 12.Nce5 Na5 13.Qc2 f6 14.Ng4 Bd7 15.Ne3 
Bc6 16.Bd2 Re8 17.Nxd5 exd5 18.Rfe1 Bf8 19.Nh4 Qd7 20.c4 b4 21.a3 dxc4 22.
axb4 Bxg2 23.Nxg2 cxb4 24.Bxb4 Bxb4 25.Rxb4 cxd3 26.Qa2+ Kh8 27.Qxa5 d2 
28.Rd1 Rac8 29.Rbb1 Rxe2 30.Nf4 Re4 31.Rxd2 Qe7 32.Rbd1 Re1+ 33.Rxe1 Qxe1+
34.Kg2 Qe8 35.Qxa7 h6 36.Qb7 Rc1 37.Rd7 Qe1 38.Ng6+ 1-0

[Event "zonal 2.5"]
[Site "Santiago de Chile CHI"]
[Date "1995.??.??"]
[Round "3"]
[White "Morovic Fernandez, Ivan"]
[Black "Izquierdo Saravia, Daniel"]
[Result "0-1"]
[WhiteElo "2575"]
[BlackElo "2320"]
[EventDate "1995.??.??"]
[PlyCount "79"]

1.d4 f5 2.g3 Nf6 3.Bg2 g6 4.Nf3 Bg7 5.O-O O-O 6.Nc3 d6 7.b3 Nc6 8.Ba3 Ne4 
9.Qd3 Nxc3 10.Qxc3 e5 11.dxe5 Nxe5 12.Nxe5 Bxe5 13.Qc4+ Kh8 14.Rad1 Qe7 
15.e3 Rb8 16.Rfe1 b5 17.Qd3 b4 18.Bc1 Rb6 19.Bd2 Ba6 20.Qd5 Bb7 21.Qc4 Ba6
22.Qh4 Bf6 23.Qh3 Bb7 24.Bxb7 Rxb7 25.Qg2 Qe4 26.Rc1 Bb2 27.Rb1 Bg7 28.
Rec1 a5 29.Rd1 Rb5 30.Rbc1 Rc5 31.c4 bxc3 32.Be1 a4 33.Qxe4 fxe4 34.b4 Rc4
35.a3 Rb8 36.Rc2 Rb6 37.Kf1 c5 38.Ke2 cxb4 39.axb4 Kg8 40.Rdc1 0-1

[Event "zonal 2.5"]
[Site "Santiago de Chile CHI"]
[Date "1995.??.??"]
[Round "3"]
[White "Navarro, Nelson"]
[Black "Cortes Moyano, Julio"]
[Result "0-1"]
[WhiteElo "2270"]
[BlackElo "2345"]
[EventDate "1995.??.??"]
[PlyCount "58"]

1.d4 g6 2.c4 Bg7 3.Nc3 Nf6 4.e4 d6 5.f4 O-O 6.Nf3 c5 7.d5 e6 8.Be2 exd5 9.
cxd5 b5 10.e5 dxe5 11.fxe5 Ng4 12.Bf4 Nd7 13.O-O b4 14.Ne4 Ngxe5 15.Qd2 
Qb6 16.Bh6 Nxf3+ 17.Rxf3 Bd4+ 18.Kh1 Re8 19.Ng5 Ne5 20.Qf4 Bg4 21.d6 Bxf3 
22.Bxf3 Qxd6 23.Ne4 Qe6 24.Nf6+ Kh8 25.Bxa8 Nd3 26.Bg7+ Kxg7 27.Nxe8+ Qxe8
28.Qf3 Nf2+ 29.Kg1 Nd1+ 0-1

[Event "zonal 2.5"]
[Site "Santiago de Chile CHI"]
[Date "1995.??.??"]
[Round "3"]
[White "Sanchez Almeyra, Jorge"]
[Black "Soppe, Guillermo"]
[Result "1/2-1/2"]
[WhiteElo "2430"]
[BlackElo "2445"]
[EventDate "1995.??.??"]
[PlyCount "81"]

1.e4 c6 2.d4 d5 3.exd5 cxd5 4.c4 Nf6 5.Nc3 g6 6.Qb3 Bg7 7.cxd5 O-O 8.Be2 
Na6 9.Bf3 Qb6 10.Nge2 Qxb3 11.axb3 Nb4 12.O-O Rd8 13.Bg5 Nfxd5 14.Nxd5 
Nxd5 15.Bxd5 Rxd5 16.Bxe7 Bg4 17.Rfe1 Bxe2 18.Rxe2 Rxd4 19.Kf1 Rc8 20.Bg5 
Rd5 21.Rc1 Rxc1+ 22.Bxc1 f5 23.Rc2 Rd7 24.Ke2 Kf7 25.Bd2 Re7+ 26.Kd3 Rd7+ 
27.Ke2 Re7+ 28.Kd3 Rd7+ 29.Ke2 Bd4 30.Bc3 Bb6 31.Rd2 Rxd2+ 32.Bxd2 a6 33.
f3 Ke6 34.Kd3 Kd5 35.b4 Bc7 36.h3 Bg3 37.b3 h5 38.Bc3 b5 39.Bd2 Bf2 40.Bc3
Bg1 41.Be1 1/2-1/2

[Event "zonal 2.5"]
[Site "Santiago de Chile CHI"]
[Date "1995.??.??"]
[Round "4"]
[White "Bianchi, Guillermo"]
[Black "Valiente, Cristobal"]
[Result "1-0"]
[WhiteElo "2425"]
[BlackElo "2335"]
[EventDate "1995.??.??"]
[PlyCount "109"]

1.e4 c5 2.Nf3 Nc6 3.c3 Nf6 4.e5 Nd5 5.d4 cxd4 6.cxd4 e6 7.Bc4 Nb6 8.Bb3 
Be7 9.O-O O-O 10.Qe2 d5 11.Rd1 Bd7 12.Nc3 Rc8 13.Bf4 a6 14.Rac1 Na5 15.Bc2
g6 16.g3 Nbc4 17.Bd3 b5 18.b3 Nb6 19.h4 Nc6 20.Kg2 f5 21.exf6 Bxf6 22.Qe3 
Qe7 23.Ne2 Bg7 24.Rh1 Be8 25.Ng5 e5 26.Bxe5 Bxe5 27.dxe5 d4 28.Nxd4 Nd5 
29.Qe4 Ndb4 30.Bb1 Bd7 31.Rhe1 Rfd8 32.e6 Nxd4 33.exd7 Qxd7 34.Rxc8 Qxc8 
35.Nxh7 Qc6 36.Ng5 Qxe4+ 37.Rxe4 Rd6 38.Nf3 Nxf3 39.Kxf3 Nd5 40.Re1 Nc3 
41.a3 a5 42.Bc2 Kf7 43.Re3 Rc6 44.Re5 b4 45.axb4 axb4 46.Bd3 Rf6+ 47.Kg2 
Nd1 48.Bc4+ Kf8 49.f4 Rd6 50.Kf3 Nb2 51.Rb5 Nxc4 52.bxc4 Rd3+ 53.Kg4 b3 
54.Rb7 Ke8 55.c5 1-0

[Event "zonal 2.5"]
[Site "Santiago de Chile CHI"]
[Date "1995.??.??"]
[Round "4"]
[White "Cortes Moyano, Julio"]
[Black "Morovic Fernandez, Ivan"]
[Result "0-1"]
[WhiteElo "2345"]
[BlackElo "2575"]
[EventDate "1995.??.??"]
[PlyCount "96"]

1.e4 c6 2.d4 d5 3.Nd2 dxe4 4.Nxe4 Nd7 5.Bc4 Ngf6 6.Ng5 e6 7.Qe2 Nb6 8.Bb3 
h6 9.N5f3 a5 10.c3 c5 11.Bd2 a4 12.Bc2 Qc7 13.Rc1 cxd4 14.cxd4 Qc4 15.a3 
Qxe2+ 16.Nxe2 Nc4 17.Bxa4+ Rxa4 18.b3 Nxd2 19.Rxc8+ Kd7 20.Nxd2 Rxa3 21.
Rc2 Bb4 22.Kd1 Bxd2 23.Kxd2 Rxb3 24.Rhc1 Nd5 25.Nc3 Rxc3 26.Rxc3 Nxc3 27.
Rxc3 Ra8 28.Rg3 Ra2+ 29.Ke1 g6 30.Rb3 Ra7 31.g4 Kc6 32.Rc3+ Kd6 33.Rb3 Kd5
34.Rb4 Kc6 35.Rc4+ Kd7 36.Rb4 Kc8 37.Kd2 Ra2+ 38.Ke3 Ra3+ 39.Ke4 Rh3 40.
Ke5 Rxh2 41.f3 h5 42.g5 Rc2 43.Kf6 Rc7 44.f4 Rd7 45.Rb3 Kc7 46.Re3 b5 47.
d5 exd5 48.f5 gxf5 0-1

[Event "zonal 2.5"]
[Site "Santiago de Chile CHI"]
[Date "1995.??.??"]
[Round "4"]
[White "Izquierdo Saravia, Daniel"]
[Black "Sanchez Almeyra, Jorge"]
[Result "0-1"]
[WhiteElo "2320"]
[BlackElo "2430"]
[EventDate "1995.??.??"]
[PlyCount "76"]

1.Nf3 Nf6 2.g3 g6 3.b3 Bg7 4.Bb2 c5 5.c4 Nc6 6.Bg2 d6 7.d4 Ne4 8.e3 Qa5+ 
9.Nbd2 O-O 10.a3 Nxd2 11.Qxd2 Qxd2+ 12.Kxd2 Bg4 13.Kd3 Bf5+ 14.Kc3 Be4 15.
Rad1 d5 16.b4 cxd4+ 17.exd4 e5 18.Rhg1 exd4+ 19.Nxd4 Bxg2 20.Rxg2 Nxd4 21.
Rxd4 Bxd4+ 22.Kxd4 dxc4 23.Kxc4 Rac8+ 24.Kb3 Rfd8 25.f4 Rd3+ 26.Ka2 Rcd8 
27.Rc2 f6 28.Bxf6 Rd2 29.Kb2 R8d3 30.a4 Kf7 31.Bc3 Rxc2+ 32.Kxc2 Rf3 33.
Bd4 a6 34.a5 Ke6 35.Kd2 Kd5 36.Ke2 Rb3 37.Bc5 Ke4 38.Bd6 Rb2+ 0-1

[Event "zonal 2.5"]
[Site "Santiago de Chile CHI"]
[Date "1995.??.??"]
[Round "4"]
[White "Quiroga, Facundo"]
[Black "Godoy Bugueno, David"]
[Result "1-0"]
[WhiteElo "2440"]
[BlackElo "2355"]
[EventDate "1995.??.??"]
[PlyCount "61"]

1.d4 d5 2.c4 dxc4 3.Nf3 Nf6 4.Nc3 e6 5.e4 c5 6.d5 exd5 7.e5 Be6 8.exf6 
gxf6 9.g3 Nc6 10.Bg2 Qa5 11.O-O O-O-O 12.Bd2 Qb6 13.Rb1 Qa6 14.a3 b5 15.
Bf4 b4 16.axb4 cxb4 17.Ra1 Qb7 18.Ne2 Bc5 19.Ned4 Nxd4 20.Nxd4 Qb6 21.Be3 
h5 22.Qa4 Rd7 23.Qa6+ Qxa6 24.Rxa6 Kb7 25.Nxe6 Bb6 26.Rxb6+ axb6 27.Nf4 
Kc6 28.Rd1 Kb5 29.Nxd5 Rb8 30.Rc1 Rbd8 31.Nxb6 1-0

[Event "zonal 2.5"]
[Site "Santiago de Chile CHI"]
[Date "1995.??.??"]
[Round "4"]
[White "Soppe, Guillermo"]
[Black "Bauza Ortiz, Alejandro"]
[Result "1-0"]
[WhiteElo "2445"]
[BlackElo "2265"]
[EventDate "1995.??.??"]
[PlyCount "43"]

1.d4 Nf6 2.c4 g6 3.Nc3 Bg7 4.e4 d6 5.f3 O-O 6.Bg5 h6 7.Be3 Nbd7 8.Qd2 Kh7 
9.g4 c6 10.Nge2 a6 11.Ng3 b5 12.h4 Ng8 13.h5 g5 14.Nf5 Ndf6 15.Nxg7 Kxg7 
16.O-O-O bxc4 17.Bxc4 Qc7 18.Bxg5 hxg5 19.Qxg5+ Kh8 20.h6 Ne8 21.e5 f6 22.
h7 1-0

[Event "zonal 2.5"]
[Site "Santiago de Chile CHI"]
[Date "1995.??.??"]
[Round "4"]
[White "Valerga, Diego"]
[Black "Peralta, Eduardo"]
[Result "1-0"]
[WhiteElo "2465"]
[BlackElo "2275"]
[EventDate "1995.??.??"]
[PlyCount "117"]

1.c4 Nf6 2.Nc3 g6 3.e4 d6 4.d4 Bg7 5.Nf3 O-O 6.Be2 c5 7.O-O Nc6 8.d5 Na5 
9.Bg5 h6 10.Bd2 e5 11.b3 b6 12.Qc2 Ne8 13.Ne1 f5 14.exf5 gxf5 15.Rc1 Nb7 
16.f4 e4 17.Nd1 Nf6 18.Bc3 Bd7 19.Ne3 Qe7 20.g3 h5 21.N1g2 Ng4 22.Qb2 Rf7 
23.h3 Nxe3 24.Nxe3 Bxc3 25.Qxc3 Rg7 26.Kh2 Rh7 27.Rg1 Kf7 28.Kg2 Qf6 29.
Qxf6+ Kxf6 30.Kf2 a6 31.Rg2 Rg8 32.Rcg1 Rgh8 33.g4 hxg4 34.hxg4 Rh2 35.
Rxh2 Rxh2+ 36.Rg2 Rxg2+ 37.Kxg2 fxg4 38.Nxg4+ Kf5 39.Kg3 b5 40.Nf2 e3 41.
Bd3+ Kf6 42.Ne4+ Ke7 43.Kf3 b4 44.Kxe3 a5 45.Ng5 Nd8 46.f5 a4 47.Kf4 a3 
48.Bc2 Be8 49.Bd1 Bf7 50.Ne4 Bg8 51.f6+ Kd7 52.Ng5 Ke8 53.Bh5+ Kf8 54.f7 
Nxf7 55.Bxf7 Bxf7 56.Nxf7 Kxf7 57.Kf5 Ke7 58.Kg6 Ke8 59.Kf6 1-0

[Event "zonal 2.5"]
[Site "Santiago de Chile CHI"]
[Date "1995.??.??"]
[Round "5"]
[White "Godoy Bugueno, David"]
[Black "Soppe, Guillermo"]
[Result "1/2-1/2"]
[WhiteElo "2355"]
[BlackElo "2445"]
[EventDate "1995.??.??"]
[PlyCount "76"]

1.c4 e6 2.Nf3 d5 3.b3 Nf6 4.Bb2 Be7 5.g3 a5 6.Bg2 a4 7.Na3 O-O 8.O-O c6 9.
Qc2 Na6 10.Rfb1 Bd7 11.d3 b5 12.Qc1 b4 13.Nc2 a3 14.Be5 Ne8 15.d4 Nd6 16.
Bxd6 Bxd6 17.c5 Bc7 18.Qe1 Ba5 19.e3 f6 20.e4 dxe4 21.Qxe4 Nc7 22.Re1 Nd5 
23.Nd2 Bc7 24.Qd3 Rb8 25.Be4 h6 26.Nc4 Kh8 27.f4 Bc8 28.Bg2 Qe8 29.N4e3 
Qf7 30.Re2 Rd8 31.Rf2 Bd7 32.Re1 Rdc8 33.Nxd5 cxd5 34.Bh3 f5 35.Rfe2 Qf6 
36.Qd2 Rg8 37.Bg2 g5 38.Rf2 gxf4 1/2-1/2

[Event "zonal 2.5"]
[Site "Santiago de Chile CHI"]
[Date "1995.??.??"]
[Round "5"]
[White "Morovic Fernandez, Ivan"]
[Black "Arancibia Guzman, Eduardo"]
[Result "1-0"]
[WhiteElo "2575"]
[BlackElo "2320"]
[EventDate "1995.??.??"]
[PlyCount "57"]

1.d4 Nf6 2.c4 g6 3.g3 Bg7 4.Bg2 O-O 5.Nc3 d6 6.Nf3 Nc6 7.O-O a6 8.d5 Na5 
9.Nd2 c5 10.Qc2 Rb8 11.b3 b5 12.Rb1 h5 13.Bb2 h4 14.Nce4 Nxe4 15.Bxe4 e5 
16.dxe6 Bxe6 17.Bxg7 Kxg7 18.Qc3+ Kg8 19.Bd5 Bxd5 20.cxd5 Re8 21.e4 Nb7 
22.Rbe1 hxg3 23.hxg3 Re7 24.f4 Qf8 25.e5 f5 26.exf6 Rxe1 27.Rxe1 Re8 28.
Ne4 Nd8 29.f7+ 1-0

[Event "zonal 2.5"]
[Site "Santiago de Chile CHI"]
[Date "1995.??.??"]
[Round "5"]
[White "Navarro, Nelson"]
[Black "Valerga, Diego"]
[Result "1/2-1/2"]
[WhiteElo "2270"]
[BlackElo "2465"]
[EventDate "1995.??.??"]
[PlyCount "48"]

1.d4 Nf6 2.Nf3 d5 3.c4 c6 4.Nc3 e6 5.cxd5 exd5 6.Bg5 Be7 7.Qc2 g6 8.e3 Bf5
9.Bd3 Bxd3 10.Qxd3 Nbd7 11.Bh6 Ng4 12.Bf4 O-O 13.O-O Re8 14.h3 Ngf6 15.
Rab1 a5 16.Rfc1 Bf8 17.Nd2 Qb6 18.a3 Qa6 19.Qxa6 Rxa6 20.Rc2 a4 21.g4 Re6 
22.f3 Bd6 23.Bxd6 Rxd6 24.Kf2 h5 1/2-1/2

[Event "zonal 2.5"]
[Site "Santiago de Chile CHI"]
[Date "1995.??.??"]
[Round "5"]
[White "Sanchez Almeyra, Jorge"]
[Black "Cortes Moyano, Julio"]
[Result "1/2-1/2"]
[WhiteElo "2430"]
[BlackElo "2345"]
[EventDate "1995.??.??"]
[PlyCount "112"]

1.e4 e5 2.Nf3 Nf6 3.Nxe5 d6 4.Nf3 Nxe4 5.Qe2 Qe7 6.d3 Nf6 7.Bg5 Bg4 8.Bxf6
gxf6 9.Qxe7+ Bxe7 10.Be2 Nd7 11.Nc3 c6 12.Nd4 Be6 13.Bh5 Kf8 14.O-O f5 15.
Rae1 Nf6 16.Bf3 Bd7 17.Nce2 Ne8 18.Nf4 Ng7 19.Nde2 Bf6 20.d4 Re8 21.c3 Ke7
22.Bd5 Kf8 23.Bb3 Bg5 24.g3 Ne6 25.Nh3 Bd2 26.Rd1 Ng5 27.Nhf4 Bxf4 28.Nxf4
Ne6 29.Nd3 Ng5 30.h4 Ne4 31.Nf4 Nf6 32.Rfe1 Kg7 33.Bc2 Kh6 34.Bb3 Kg7 35.
f3 Rxe1+ 36.Rxe1 Re8 37.Rxe8 Bxe8 38.Kf2 Bd7 39.Ke3 h6 40.c4 Kf8 41.c5 d5 
42.Bc2 Ke7 43.b4 Bc8 44.a4 Bd7 45.Bd3 a6 46.Be2 Be8 47.Nd3 Nh5 48.Kf2 Ng7 
49.Ne5 f4 50.gxf4 Nf5 51.Bd3 Nxd4 52.Ke3 Ne6 53.f5 Nf8 54.Kf4 Nd7 55.Nxd7 
Bxd7 56.Ke5 f6+ 1/2-1/2

[Event "zonal 2.5"]
[Site "Santiago de Chile CHI"]
[Date "1995.??.??"]
[Round "5"]
[White "Valiente, Cristobal"]
[Black "Quiroga, Facundo"]
[Result "1-0"]
[WhiteElo "2335"]
[BlackElo "2440"]
[EventDate "1995.??.??"]
[PlyCount "107"]

1.e4 c5 2.Nf3 d6 3.d4 cxd4 4.Nxd4 Nf6 5.Nc3 a6 6.Be3 e5 7.Nb3 Be7 8.Be2 
Be6 9.O-O O-O 10.a4 Nbd7 11.a5 Rc8 12.Qd2 Qc7 13.Rfc1 Qc6 14.Bf3 Rfd8 15.
h3 Nc5 16.Nxc5 dxc5 17.Qe1 h6 18.Rd1 Rxd1 19.Rxd1 Rd8 20.Nd5 Bxd5 21.exd5 
Qb5 22.b3 c4 23.Bb6 Rd7 24.bxc4 Qxc4 25.Qxe5 Qxc2 26.d6 Bf8 27.Bc7 Qb3 28.
Qe3 Qxe3 29.fxe3 Ne8 30.Bg4 Rxd6 31.Bxd6 Nxd6 32.Bf3 g6 33.Bd5 Be7 34.e4 
Bf6 35.Rd3 Kg7 36.Kf1 Bd8 37.e5 Nf5 38.Bxf7 Bxa5 39.Rd7 Bb4 40.Rxb7 a5 41.
Ke2 Ne7 42.Bb3 h5 43.Ke3 Kh6 44.Kf4 Bd2+ 45.Ke4 Bb4 46.Rc7 Kg5 47.Rc2 h4 
48.Rf2 Kh6 49.Rf7 Ba3 50.Ba4 Bb4 51.Bd7 Ba3 52.Rf4 g5 53.Rf7 Bb4 54.Bf5 
1-0